000
00317nam a2200109Ia 4500
008
180205s9999 xx 000 0 und d
020
_a
9789712353123
100
_a
Baraceros, Esther L.
245
_a
Englsih 3 :
_b
english for academic writing
260
_a
Recto Avenue
_b
REX book store
_c
2009
300
_a
iii, 169 pages
999
_c
354694
_d
354694